000 00719nam a2200265Ia 4500
001 15701
005 20240113235638.0
007 ta
008 051210s1989 a g b000 u 465 u
040 _aCotton College Assam
041 _a465
082 _a574
_bRa 196 Bi
100 _aRaven, Peter H. .
245 0 _aBiology /
_cPeter H. Raven and George B. Johnson.
_hTextual Documents
250 _a2nd ed. /
260 _aSt. Louis :
_bTimes Mirror/Mosby College Publishing ,
_cC1989.
300 _axxxii,1142p. :
_bill ;
_c28cm .
504 _aIndex
653 _aBiology
653 _aG-Biology
700 _aJohnson, George B. .
942 _2ddc
_cBK
999 _c15687
_d15687